[Event "39th Olympiad Men"]
[Site "Khanty-Mansiysk RUS"]
[Date "2010.09.30"]
[Round "9"]
[White "Sorensen,Torben"]
[Black "Lopez,Ja"]
[Result "0-1"]
[WhiteElo "2418"]
[BlackElo "2101"]

1.d4 Nf6 2.c4 e6 3.g3 d5 4.Bg2 Be7 5.Nf3 O-O 6.O-O c6 7.Qc2 Nbd7 8.b3 Ne4
9.Nbd2 f5 10.Bb2 a5 11.Nxe4 fxe4 12.Ne5 Bd6 13.f3 exf3 14.exf3 Nxe5 15.dxe5 Bc5+
16.Kh1 Qe7 17.Rac1 b6 18.f4 Bb7 19.Rcd1 Rad8 20.h4 Ba6 21.Kh2 dxc4 22.Rxd8 Rxd8
23.bxc4 Qd7 24.Qe4 Qd3 25.Qxc6 Bxc4 26.Qc7 Rf8 27.f5 Qd8 28.Qxd8 Rxd8 29.Rc1 Bxa2
30.Bc3 a4 31.Ra1 Bb3 32.fxe6 a3 33.e7 Re8 34.Rb1 Bc4 35.Ba1 Rxe7 36.Rc1 Be6
37.Bc6 Rc7 38.Bb5 Rf7 39.g4 Rf4 40.h5 Rxg4 41.Be2 Rf4 42.Kg3 Rf8 43.Bg4 Bf2+
44.Kh3 Rf3+ 45.Kg2 Bxg4  0-1

[Event "39th Olympiad Men"]
[Site "Khanty-Mansiysk RUS"]
[Date "2010.10.01"]
[Round "10"]
[White "Infante,M"]
[Black "Yarmonov,I"]
[Result "0-1"]
[WhiteElo "2276"]
[BlackElo "2335"]

1.Nf3 d5 2.d4 e6 3.c4 Nf6 4.g3 Be7 5.Bg2 O-O 6.O-O c6 7.Qc2 Ne4 8.Nbd2 f5
9.Ne5 Nd7 10.Ndf3 Nxe5 11.Nxe5 Bf6 12.Be3 Bd7 13.Nxd7 Qxd7 14.Rad1 Nd6 15.b3 b5
16.c5 Nf7 17.Bc1 e5 18.dxe5 Nxe5 19.Kh1 g6 20.Bb2 Qe7 21.e3 a5 22.Bd4 Qg7
23.Qc3 b4 24.Qc2 Rfe8 25.Kg1 Ra7 26.a4 Rae7 27.Qe2 Re6 28.Qa6 Qc7 29.Rd2 Kg7
30.Rc1 Nf7 31.Qb6 Qd8 32.Qxd8 Rxd8 33.Bxf6+ Kxf6 34.Rd4 Rde8 35.h4 h6 36.Bf3 Nd8
37.Kg2 R6e7 38.Rdd1 Ne6 39.Rh1 Rh7 40.Rhd1 Reh8 41.Be2 g5 42.Rh1 Nf8 43.Bd3 Ng6
44.hxg5+ hxg5 45.Rxh7 Rxh7 46.f4 g4 47.Ba6 Nf8 48.Bc8 Rc7 49.Ba6 Nd7 50.Bd3 Kg6
51.Ba6 Nf6 52.Bd3 Rh7 53.Bb5 Rc7 54.Bd3 Nd7 55.Kg1 Kf6 56.Kg2 Rc8 57.Rc2 Ke6
58.Rc1 Rh8 59.Bb5 cxb5 60.axb5 Rc8 61.c6 Nb6 62.Rh1 Kd6  0-1

[Event "9th Sparkassen Open"]
[Site "Forchheim GER"]
[Date "2010.10.02"]
[Round "2"]
[White "Loehr,M"]
[Black "Gegenfurtner,J"]
[Result "0-1"]
[WhiteElo "2256"]
[BlackElo "2116"]

1.d4 d5 2.Nf3 Nf6 3.c4 e6 4.g3 Be7 5.Bg2 O-O 6.O-O c6 7.Qc2 b6 8.Rd1 Bb7
9.Nc3 a5 10.e4 Na6 11.a3 Rc8 12.Qe2 Nc7 13.Ne5 Nd7 14.Be3 Re8 15.Rac1 Bf8
16.Qg4 Nf6 17.Qh3 c5 18.Ng4 Nxg4 19.Qxg4 e5 20.dxc5 d4 21.cxb6 Ne6 22.Nb5 Qxb6
23.Bd2 Bc6 24.Bf1 Nc5 25.Bxa5 Qxa5 26.b4 Qa8 27.bxc5 Bxc5 28.Bd3 g6 29.Rb1 Kg7
30.Qe2 f5 31.f3 Be7 32.exf5 Bxf3 33.Qxe5+ Bf6 34.Qf4 Re3 35.Nxd4 Qa7 36.Bf1 Bxd1
37.Rxd1 Rce8 38.Kg2 R3e4 39.Ne6+ R8xe6 40.fxe6 Rxf4 41.gxf4 Qxa3 42.Rd7+ Be7  0-1

[Event "39th Olympiad Men"]
[Site "Khanty-Mansiysk RUS"]
[Date "2010.10.03"]
[Round "11"]
[White "Gonzalez Garcia,J2"]
[Black "Berg,O"]
[Result "1/2-1/2"]
[WhiteElo "2543"]
[BlackElo "2274"]

1.d4 d5 2.c4 e6 3.Nf3 Nf6 4.g3 Be7 5.Bg2 O-O 6.O-O c6 7.Qc2 b6 8.Nbd2 Bb7
9.e4 dxe4 10.Nxe4 Nbd7 11.Rd1 Qc8 12.Nxf6+ Nxf6 13.c5 Nd5 14.a3 Qc7 15.Re1 Rae8
16.Bg5 f6 17.Bd2 Bc8 18.b4 Bd7 19.Bf1 Rf7 20.Bd3 g5 21.Bc4 Qc8 22.Re2 b5
23.Bb3 Bf8 24.a4 a6 25.axb5 axb5 26.h4 g4 27.Nh2 e5 28.dxe5 fxe5 29.Qa2 Bg7
30.Rae1 Qa8 31.Qb1 Qc8 32.Qc1 Bf5 33.Bh6 Bf6 34.Qd2 Qe6 35.Rd1 Rd7 36.Bg5 Bg7
37.Qa2 Kh8 38.Qa3 h6 39.Bc1 Qf7 40.Bc2 Bxc2  1/2-1/2

[Event "39th Olympiad Men"]
[Site "Khanty-Mansiysk RUS"]
[Date "2010.10.03"]
[Round "11"]
[White "Sorensen,Torben"]
[Black "Baules,J"]
[Result "1-0"]
[WhiteElo "2418"]
[BlackElo "2335"]

1.Nf3 e6 2.c4 Nf6 3.g3 d5 4.d4 Be7 5.Bg2 O-O 6.O-O dxc4 7.Qc2 a6 8.Qxc4 b5
9.Qc2 Bb7 10.Bg5 Nc6 11.Rd1 Nb4 12.Qc1 Rc8 13.Bxf6 Bxf6 14.Nbd2 c5 15.dxc5 Qe7
16.Nb3 a5 17.a3 Na6 18.Nxa5 Nxc5 19.Qd2 Bxf3 20.Bxf3 Na4 21.Nc6 Rxc6 22.Bxc6 Nxb2
23.Rdc1 Nc4 24.Qb4 Qxb4 25.axb4 Bxa1 26.Rxa1 Rb8 27.Bxb5 Nb6 28.Bc6 Kf8 29.b5 Nc8
30.e4 Ne7 31.Bd7 Nc8 32.e5 Nb6 33.Bc6 Nc8 34.f4 Ne7 35.Kf2 g5 36.Ke3 gxf4+
37.gxf4 Kg7 38.Kd4 Kg6 39.Be4+ Kh5 40.Bf3+ Kh4 41.Ra7 Nf5+ 42.Kc5 Rc8+ 43.Bc6 Kg4
44.Ra8  1-0

[Event "Tatry Open"]
[Site "Tatranske Zruby CZE"]
[Date "2010.10.06"]
[Round "6"]
[White "Jablonicky,F"]
[Black "Spurny,A"]
[Result "1-0"]
[WhiteElo "2150"]
[BlackElo "1957"]

1.Nf3 d5 2.d4 Nf6 3.c4 e6 4.g3 Be7 5.Bg2 O-O 6.O-O b6 7.cxd5 exd5 8.Nc3 Bb7
9.Bf4 a6 10.Rc1 c6 11.Qb3 Nbd7 12.Rfd1 h6 13.Ne5 g5 14.Nxd7 Nxd7 15.Be3 b5
16.Qc2 Nb6 17.b3 Ba3 18.Ra1 f5 19.f3 Qf6 20.Bf2 Bb4 21.a3 Bxc3 22.Qxc3 Rae8
23.Re1 Nc8 24.a4 Nd6 25.axb5 axb5 26.Ra7 Re7 27.Qc2 h5 28.Qd2 f4 29.e3 fxe3
30.Rxe3 Rxe3 31.Bxe3 g4 32.Bf4 gxf3 33.Bxf3 Rf7 34.Bxh5 Rh7 35.Be5 Ne4 36.Bxf6 Nxd2
37.Bd1 Rf7 38.Be5 Rf1+ 39.Kg2 Rxd1 40.Rxb7 Nxb3 41.h4 Nxd4 42.g4 Rd2+ 43.Kg3 Rd3+
44.Kf4 c5 45.h5 Rf3+ 46.Kg5 Rf7 47.Rb8+ Rf8 48.Rxf8+ Kxf8 49.Kg6 Nc6 50.Bf6 Ne7+
51.Bxe7+ Kxe7 52.h6  1-0

[Event "Tatry Open"]
[Site "Tatranske Zruby CZE"]
[Date "2010.10.07"]
[Round "7"]
[White "Kantorik,M"]
[Black "Burdik,L"]
[Result "1-0"]
[WhiteElo "2379"]
[BlackElo "2215"]

1.c4 Nf6 2.d4 e6 3.g3 d5 4.Bg2 Be7 5.Nf3 O-O 6.O-O c6 7.Qc2 b6 8.b3 Bb7 9.Bb2 Nbd7
10.Nc3 Rc8 11.e4 c5 12.e5 Ne4 13.Nxe4 dxe4 14.Nd2 cxd4 15.Bxe4 Bxe4 16.Qxe4 Nc5
17.Qxd4 Nd3 18.Ne4 Rc7 19.Qxd8 Rxd8 20.Bc3 Rcd7 21.Kg2 Nc5 22.Nxc5 Bxc5 23.Rac1 a5
24.Kf3 Bb4 25.Rfe1 Kf8 26.Bxb4+ axb4 27.c5 bxc5 28.Rxc5 Rd2 29.Re2 R8d3+
30.Re3 Rd4 31.Ra5 Rc2 32.Ra8+ Ke7 33.Ra7+ Kf8 34.Kg2 Rcd2 35.Rf3 Rd7 36.Rxd7 Rxd7
37.Rf4 Rb7 38.Kf3 g5 39.Rg4 h6 40.h4 Kg7 41.hxg5 h5 42.Rc4 Kg6 43.Kf4 Ra7
44.Rxb4 Rxa2 45.f3 Rb2 46.Rb8 Rb1 47.Rb7 Rb2 48.Ke4 Rg2 49.Kf4 Rb2 50.b4 Rb1
51.Ke3 Rg1 52.Kf2 Rb1 53.f4 Rb2+ 54.Kf3 Rb3+ 55.Kg2 Rb1 56.b5 Kg7 57.f5 exf5
58.e6  1-0

[Event "TCh-SWE Elitserien 2010-11"]
[Site "Sweden SWE"]
[Date "2010.10.08"]
[Round "1"]
[White "Krantz,C"]
[Black "Lissang,C"]
[Result "1-0"]
[WhiteElo "2190"]
[BlackElo "2247"]

1.Nf3 d5 2.d4 Nf6 3.c4 e6 4.g3 Be7 5.Bg2 O-O 6.O-O dxc4 7.Qc2 a6 8.Qxc4 b5
9.Qc2 Bb7 10.Bd2 Ra7 11.Rc1 Be4 12.Qb3 Nc6 13.e3 Qa8 14.Ne1 Bxg2 15.Nxg2 Rd8
16.Qc2 Rd6 17.f4 Nd7 18.Ne1 Nd8 19.Nd3 Rc6 20.Qd1 Rxc1 21.Qxc1 Qe4 22.Nf2 Qg6
23.Ba5 Nb6 24.Bxb6 cxb6 25.Qc8 f6 26.Nd2 Qe8 27.Qb8 Rb7 28.Qa8 Qd7 29.Qxa6 Bb4
30.Nb3 Ra7 31.Qxb6 Rb7 32.Nc5 Rxb6 33.Nxd7 Rc6 34.Nd3 Be7 35.Rc1 Ra6 36.a3 Rd6
37.Rc7 Kf7 38.N7c5 Nc6 39.Ne4 Rd8  1-0

[Event "TCh-SWE Elitserien 2010-11"]
[Site "Sweden SWE"]
[Date "2010.10.08"]
[Round "1"]
[White "Glimbrant,T"]
[Black "Akbarinia,S"]
[Result "1/2-1/2"]
[WhiteElo "2248"]
[BlackElo "2306"]

1.d4 d5 2.c4 e6 3.Nf3 Nf6 4.g3 Be7 5.Bg2 O-O 6.O-O dxc4 7.Qc2 a6 8.Qxc4 b5
9.Qc2 Bb7 10.Bd2 Nc6 11.e3 Nb4 12.Bxb4 Bxb4 13.a3 Bd6 14.Nbd2 Ra7 15.e4 Nd7
16.Nb3 Qa8 17.Rfe1 a5 18.Nc5 Bxc5 19.dxc5 Bc6 20.Nd4 Re8 21.Rac1 e5 22.Nf5 Nf8
23.h4 Ne6 24.Qd3 f6 25.Qf3 Qb7 26.Qg4 Raa8 27.h5 Kf7 28.Rcd1 Rad8 29.b4 axb4
30.axb4 Rxd1 31.Rxd1 Qa8 32.Ne3 Rd8 33.Rxd8 Qxd8 34.Nd5 Be8 35.Bh3 Nd4 36.h6 g6
37.Qd1 c6 38.Ne3 Bd7 39.Bxd7 Qxd7 40.Kg2 Ke7 41.Qa1 Ne6 42.Qa8 Ng5 43.g4 Qe8
44.Nd5+ cxd5 45.Qb7+ Kd8 46.Qb8+ Ke7 47.Qb7+ Kd8 48.Qb8+ Ke7 49.Qb7+  1/2-1/2

[Event "TCh-SWE Elitserien 2010-11"]
[Site "Sweden SWE"]
[Date "2010.10.08"]
[Round "1"]
[White "Vernersson,P"]
[Black "Ong,Kez"]
[Result "0-1"]
[WhiteElo "2372"]
[BlackElo "2242"]

1.d4 Nf6 2.c4 e6 3.g3 d5 4.Nf3 Be7 5.Bg2 O-O 6.O-O dxc4 7.Qc2 a6 8.a4 Bd7
9.Qxc4 Bc6 10.Bg5 a5 11.Nc3 Na6 12.Bxf6 Bxf6 13.e4 Nb4 14.Rad1 b6 15.Rfe1 Bb7
16.Nb5 Rc8 17.Bf1 g6 18.Qb3 Qe7 19.Na3 Rfd8 20.Nc4 Bg7 21.h4 Nc6 22.Qe3 Qb4
23.b3 Nxd4 24.Nxd4 Bxd4 25.Qf3 Qe7 26.Qe2 Bc3 27.Rxd8+ Rxd8 28.Rc1 Bd4 29.Bg2 e5
30.Ne3 Bxe3 31.Qxe3 c5 32.h5 Rd4 33.hxg6 hxg6 34.Bf3 Qd8 35.Rc3 Kg7 36.Kg2 Rd2
37.Qe1 Qd4 38.Re3 Rd3 39.Qe2 Rxe3 40.Qxe3 Qxe3 41.fxe3 Bc6 42.Kf2 c4 43.bxc4 Bxa4
44.Ke2 Bc6 45.Kd3 f5 46.Kc3 Kf6 47.Kb3 Ke7  0-1

[Event "4NCL Team Rapid"]
[Site "Newport Pagnell ENG"]
[Date "2010.10.09"]
[Round "5"]
[White "Martyn,R"]
[Black "Cooper,L"]
[Result "0-1"]
[WhiteElo "2292"]
[BlackElo "2316"]

1.d4 Nf6 2.c4 e6 3.g3 d5 4.Bg2 Be7 5.Nf3 O-O 6.O-O dxc4 7.Qc2 a6 8.Qxc4 b5
9.Qc2 Bb7 10.Bd2 Nbd7 11.Ba5 Bd6 12.Nbd2 Rc8 13.Rad1 Qe7 14.e4 e5 15.dxe5 Nxe5
16.Nd4 g6 17.f4 Neg4 18.Rde1 c5 19.N4f3 c4 20.e5 Bc5+ 21.Kh1 Nd5 22.Ne4 Nde3
23.Qb1 Nxf1 24.Rxf1 Ne3 25.Re1 Nxg2 26.Kxg2 Kh8 27.g4  0-1

[Event "TCh-ISL Div 1 2010-11"]
[Site "Reykjavik ISL"]
[Date "2010.10.09"]
[Round "3.2"]
[White "Halldorsson,J"]
[Black "Valdimarsson,E"]
[Result "1/2-1/2"]
[WhiteElo "2194"]
[BlackElo "1824"]

1.d4 Nf6 2.Nf3 d5 3.c4 e6 4.g3 Be7 5.Bg2 O-O 6.O-O c5 7.cxd5 exd5 8.Nc3 Nc6
9.b3 h6 10.Bb2 Be6 11.Rc1 Rc8 12.dxc5 Bxc5 13.Na4 Be7 14.Nd4 Qd7 15.Nxe6 Qxe6
16.Nc5 Bxc5 17.Rxc5 Ne7 18.Rxc8 Rxc8 19.Qd3 Ne4 20.Rd1 b5 21.Qd4 Nf6 22.Bf3 Rc2
23.Rd2 Nc6 24.Qd3 Nb4 25.Qd4 Nc6 26.Qd3 Nb4  1/2-1/2

[Event "4NCL Individual Rapid"]
[Site "Newport Pagnell ENG"]
[Date "2010.10.10"]
[Round "1"]
[White "Slavin,A"]
[Black "Almond,R"]
[Result "1-0"]
[WhiteElo "2426"]
[BlackElo "2130"]

1.d4 d5 2.Nf3 Nf6 3.c4 e6 4.g3 Be7 5.Bg2 O-O 6.O-O Nbd7 7.Qc2 c6 8.Rd1 b6
9.Bf4 Bb7 10.Nc3 Rc8 11.Ne5 Nh5 12.Bc1 f5 13.Qa4 a6 14.Nxd7 Qxd7 15.cxd5 exd5
16.Nxd5 b5 17.Nxe7+ Qxe7 18.Qb3+ Kh8 19.Bf3 Nf6 20.Bg5 c5 21.Bxb7 Qxb7 22.Bxf6 Rxf6
23.dxc5 Qe7 24.Rac1 Rxc5 25.Rxc5 Qxc5 26.Rd8+ Rf8 27.Qe3 Qb4 28.Qe8 Kg8 29.Qxf8+ Qxf8
30.Rxf8+ Kxf8 31.Kg2 Ke7 32.Kf3 Ke6 33.e4 Ke5 34.exf5 Kxf5 35.h3 h6 36.Ke3 Ke5
37.f4+ Kd5 38.Kd3 h5 39.g4 hxg4 40.hxg4 g6 41.b4 Kc6 42.Ke4 Kd6 43.f5 gxf5+
44.gxf5  1-0

[Event "I Memorial Oliver Gonzalez"]
[Site "Madrid ESP"]
[Date "2010.10.12"]
[Round "4"]
[White "Recuero Guerra,D"]
[Black "Pascual Palomo,L"]
[Result "1-0"]
[WhiteElo "2457"]
[BlackElo "2126"]

1.d4 e6 2.g3 Nf6 3.Bg2 d5 4.c4 Be7 5.Nf3 O-O 6.O-O c6 7.Nbd2 Nbd7 8.Qc2 b6
9.e4 dxe4 10.Nxe4 Bb7 11.Rd1 Qc8 12.Nxf6+ Nxf6 13.c5 h6 14.Bd2 Nd5 15.b4 Bf6
16.Rac1 b5 17.Re1 Qc7 18.Re4 a5 19.bxa5 b4 20.a3 Nc3 21.Ree1 Nb5 22.axb4 Nxd4
23.Nxd4 Bxd4 24.Qe4 e5 25.b5 f5 26.Qf3 e4 27.Qb3+ Kh8 28.a6 Bc8 29.b6 Qe7
30.b7 Rb8 31.Bf4 Be6 32.Qb4  1-0

[Event "TCh-CHN"]
[Site "Guangzhou CHN"]
[Date "2010.10.14"]
[Round "14"]
[White "Wang Li"]
[Black "Yu Shaoteng"]
[Result "0-1"]
[WhiteElo "2383"]
[BlackElo "2529"]

1.d4 Nf6 2.Nf3 e6 3.g3 d5 4.Bg2 Be7 5.c4 O-O 6.O-O dxc4 7.Qc2 a6 8.a4 Bd7
9.Qxc4 Bc6 10.Bg5 Bd5 11.Qd3 Be4 12.Qe3 Nbd7 13.Nc3 Bc6 14.Qd3 Bb4 15.Rfd1 h6
16.Bf4 a5 17.Ne5 Bxg2 18.Kxg2 Nxe5 19.Bxe5 c6 20.Bxf6 Qxf6 21.Ne4 Qe7 22.Qc4 Rad8
23.Rac1 Qc7 24.e3 Rd5 25.Nc3 Rd7 26.Rd3 Rfd8 27.Rcd1 Qb8 28.Ne4 Rd5 29.Nc3 R8d7
30.Ne4 b5 31.Qc2 Qb7 32.Kg1 bxa4 33.Nc5 Bxc5 34.Qxc5 Qb5 35.Rc3 Qxb2 36.Qxc6 a3
37.Qc5 a2 38.Qxa5 Rd8 39.Qa3 Rb8 40.Kg2 Qe2 41.Rcc1 Rb2 42.Rf1 Rdb5 43.Rce1 Qc4
44.Ra1 g6 45.Qc5 Qd3 46.Qc6 Qxe3 47.Qc4 Qe4+ 48.Kg1 Rc2 49.Qa4 Rbb2 50.Qa3 Qxd4
51.Rad1 Rd2  0-1

[Event "Lichtenrader Herbst"]
[Site "Berlin GER"]
[Date "2010.10.17"]
[Round "2"]
[White "Neelotpal,D"]
[Black "Schulz,Ola"]
[Result "1-0"]
[WhiteElo "2454"]
[BlackElo "1955"]

1.d4 d5 2.c4 e6 3.Nf3 Nf6 4.g3 Be7 5.Bg2 O-O 6.O-O Nbd7 7.Qc2 b6 8.cxd5 exd5
9.Qc6 Ba6 10.Nc3 Rc8 11.Bh3 Nb8 12.Qa4 Ne4 13.Bxc8 Nxc3 14.bxc3 Qxc8 15.Re1 h5
16.Ba3 Bxa3 17.Qxa3 Re8 18.Ne5 h4 19.Qb3 Nd7 20.Qxd5 Nxe5 21.dxe5 Bb7 22.Qd4 hxg3
23.fxg3 c5 24.Qf4 Qc6 25.e4 c4 26.Rad1 Qc5+ 27.Re3 Rxe5 28.Rd7 f5 29.Qg5  1-0

[Event "WY Boys-U16"]
[Site "Porto Carras GRE"]
[Date "2010.10.20"]
[Round "1.18"]
[White "Tilicheev,V"]
[Black "Azman Hisham,M"]
[Result "1-0"]
[WhiteElo "2343"]
[BlackElo "2046"]

1.d4 Nf6 2.c4 e6 3.g3 d5 4.Nf3 Be7 5.Bg2 O-O 6.O-O dxc4 7.Qc2 c6 8.Qxc4 b5
9.Qd3 Nbd7 10.a4 bxa4 11.Rxa4 a5 12.Qc2 Bb7 13.Rd1 Qb6 14.Na3 c5 15.Nc4 Qb5
16.b3 Nb6 17.Nxb6 Qxb6 18.Ba3 Rfc8 19.Rc4 Be4 20.Qc1 Bd5 21.dxc5 Qxb3 22.Nd2 Qb5
23.Bxd5 exd5 24.Rc2 Ne4 25.Nxe4 dxe4 26.Qe3 Qa4 27.Rdc1 f5 28.Bb2 h6 29.h4 Qc6
30.Qb3+ Kf8 31.Be5 a4 32.Qa2 Ra6 33.Bd6 Qd7 34.Qc4 Rcc6 35.Bxe7+ Qxe7 36.Ra2 Ra5
37.Rxa4 Rxa4 38.Qxa4 Rxc5 39.Qa8+ Kf7 40.Qa2+ Kg6 41.Rxc5 Qxc5 42.Qe6+ Kh7
43.g4 Qc2 44.Qxf5+ Kg8 45.Qb5 Kf7 46.Kg2 Kf6 47.Qa6+ Kf7 48.g5 hxg5 49.hxg5 Qc5
50.g6+ Ke8 51.Qe6+  1-0

[Event "WY Girls-U12"]
[Site "Porto Carras GRE"]
[Date "2010.10.21"]
[Round "2.13"]
[White "Rakic,Te"]
[Black "Vasenina,A"]
[Result "1/2-1/2"]
[WhiteElo "1708"]
[BlackElo "1844"]

1.d4 d5 2.c4 e6 3.Nf3 Nf6 4.g3 Be7 5.Bg2 dxc4 6.Qa4+ Nbd7 7.Qxc4 a6 8.Qc2 c5
9.O-O O-O 10.Rd1 h6 11.Nc3 cxd4 12.Nxd4 Bc5 13.h3 Qe7 14.b3 Nb6 15.Bb2 e5
16.Nf3 e4 17.Nd4 Re8 18.e3 Bd7 19.a3 Rac8 20.Qe2 h5 21.Nc2 Bd6 22.a4 Bc6
23.a5 Nbd7 24.Nd4 Bb8 25.h4 g6 26.Nxc6 Rxc6 27.Rd4 Nc5 28.Ba3 Be5 29.Rc4 Qc7
30.Bxc5 Rxc5 31.Rc1 Bxc3 32.R1xc3 Rxc4 33.Qxc4 Qxa5 34.Qc7 Qxc7 35.Rxc7 b5
36.Bh3 a5 37.Ra7 Rb8 38.Rxa5 Nd5 39.Bd7 Nc3 40.Bc6 Kf8 41.Ra8 Rxa8 42.Bxa8 b4
43.Bb7  1/2-1/2

[Event "Liberec Open"]
[Site "Liberec CZE"]
[Date "2010.10.23"]
[Round "1"]
[White "Plischki,S"]
[Black "Svejdar,L"]
[Result "1/2-1/2"]
[WhiteElo "2358"]
[BlackElo "1987"]

1.d4 d5 2.c4 e6 3.Nf3 Nf6 4.g3 Be7 5.Bg2 O-O 6.O-O c6 7.Qc2 Nbd7 8.Nbd2 Re8
9.Rd1 Qc7 10.e4 Nxe4 11.Nxe4 dxe4 12.Qxe4 Nf6 13.Qc2 Bd7 14.Bf4 Bd6 15.Ne5 Nh5
16.c5 Bf8 17.Bg5 f6 18.Nxd7 Qxd7 19.Be3 f5 20.b4 a6 21.a4 Nf6 22.Qb3 Nd5
23.b5 axb5 24.axb5 Be7 25.Bxd5 Qxd5 26.Qxd5 exd5 27.b6 Rxa1 28.Rxa1 g5 29.Ra7 Rb8
30.h3 Kf7 31.f4 Kg6 32.fxg5 Bxg5 33.Kf2 Bxe3+ 34.Kxe3 Re8+ 35.Kd3 Rb8 36.Ke3 Kf7
37.Kf4 Kf6 38.h4 h5 39.Kf3 Kf7 40.Ke3 Kg6 41.Kd3 Kf7 42.Kc3 Kf6 43.Kb4 Ke6
44.Ra3 Kf7 45.Re3 Re8 46.Rxe8 Kxe8 47.Kc3 Kf7 48.Kd3 Ke7 49.Ke3 Ke6 50.Kf3 Kf7  1/2-1/2

[Event "32nd Open"]
[Site "Arco ITA"]
[Date "2010.10.24"]
[Round "9"]
[White "Fodor,T jr"]
[Black "Drasko,M"]
[Result "1/2-1/2"]
[WhiteElo "2451"]
[BlackElo "2486"]

1.Nf3 Nf6 2.c4 e6 3.g3 d5 4.d4 Be7 5.Bg2 O-O 6.O-O Nbd7 7.Nc3 dxc4 8.e4 a6
9.e5 Nd5 10.Qe2 Nxc3 11.bxc3 Nb6 12.Be3 Nd5 13.Qxc4 c5 14.Qb3 b5 15.Nd2  1/2-1/2

[Event "WY Boys-U18"]
[Site "Porto Carras GRE"]
[Date "2010.10.24"]
[Round "6.6"]
[White "Shimanov,A"]
[Black "Mammadov,A"]
[Result "1/2-1/2"]
[WhiteElo "2512"]
[BlackElo "2358"]

1.d4 d5 2.c4 e6 3.Nf3 Nf6 4.g3 Be7 5.Bg2 O-O 6.O-O dxc4 7.Qc2 a6 8.a4 Bd7
9.Qxc4 Bc6 10.Bg5 Bd5 11.Qd3 c5 12.Nc3 cxd4 13.Nxd5 Qxd5 14.h4 Nc6 15.Bxf6 gxf6
16.Rfd1 f5 17.Nxd4 Qxd4 18.Qxd4 Nxd4 19.Rxd4 Rfd8 20.Rxd8+ Rxd8 21.Bxb7 a5
22.Ba6 f4 23.g4 f3 24.exf3  1/2-1/2

[Event "Unive Open"]
[Site "Hoogeveen NED"]
[Date "2010.10.28"]
[Round "7"]
[White "Hoffman,Ro"]
[Black "Okkes,M"]
[Result "0-1"]
[WhiteElo "2123"]
[BlackElo "2378"]

1.d4 d5 2.c4 e6 3.Nf3 Nf6 4.g3 Be7 5.Bg2 O-O 6.O-O dxc4 7.Qc2 a6 8.Qxc4 b5
9.Qc2 Bb7 10.Bf4 Bd6 11.Nbd2 Bxf4 12.gxf4 Qd6 13.e3 Nbd7 14.Rac1 Rfc8 15.Nb3 Be4
16.Qd1 Qb6 17.Ne5 Bxg2 18.Kxg2 c5 19.Nxd7 Nxd7 20.dxc5 Nxc5 21.Nxc5 Rxc5
22.Qf3 Rac8 23.Rxc5 Qxc5 24.Rd1 Qe7 25.Qe4 h6 26.Rd2 a5 27.Rd1 a4 28.a3 Qh4
29.Qf3 Qf6 30.Rd2 Qg6+ 31.Qg3 Qb1 32.Qh4 Kh7 33.Qh5 Qe4+ 34.Qf3 Qg6+ 35.Qg3 Qb1
36.Qf3 Rc1 37.Qe2 Qg6+ 38.Kf3 f5 39.e4 Qg1 40.exf5 Qh1+ 41.Ke3 Re1 42.fxe6 Rxe2+
43.Rxe2 Kg8 44.f3 Kf8 45.f5 Ke7 46.Ke4 Qb1+ 47.Ke5 Qd3 48.Re1 Qxf3 49.Re4 Qf2
50.Rb4 Qxh2+ 51.Kd5 Qe2  0-1

[Event "WY Boys-U18"]
[Site "Porto Carras GRE"]
[Date "2010.10.28"]
[Round "9.18"]
[White "Lovik,L"]
[Black "Espinosa Aranda,A"]
[Result "1-0"]
[WhiteElo "2298"]
[BlackElo "2403"]

1.d4 Nf6 2.c4 e6 3.g3 d5 4.Nf3 Be7 5.Bg2 O-O 6.O-O dxc4 7.Qc2 a6 8.Qxc4 b5
9.Qc2 Bb7 10.Bd2 Nbd7 11.Ba5 Rc8 12.Nbd2 Qe8 13.b4 Nd5 14.a3 f5 15.Rfe1 N5f6
16.Ng5 Bxg2 17.Kxg2 Bd6 18.Qb3 Kh8 19.Nxe6 Rf7 20.e4 fxe4 21.Ng5 Re7 22.Ndxe4 h6
23.Nxf6 Nxf6 24.Rxe7 Qxe7 25.Nf7+ Kh7 26.Rc1 Rf8 27.Ne5 Bxe5 28.Qd3+ Kh8
29.dxe5 Qxe5 30.Bxc7 Qh5 31.Rc5 Qe8 32.Bf4 Qa8+ 33.f3 Qe8 34.Rc7 Rf7 35.Rc5 Rd7
36.Qc2 Rd8 37.Rc6 Nd5 38.Bxh6 Ne7 39.Re6 Qf7 40.Qe4 Nd5 41.Bg5 Nc3 42.Qg6 Qxg6
43.Rxg6 Rd5 44.h4 Rd1 45.Rxa6 Ra1 46.Ra5  1-0

[Event "WY Boys-U14"]
[Site "Porto Carras GRE"]
[Date "2010.10.29"]
[Round "10.7"]
[White "Gagare,Shar"]
[Black "Boruchovsky,A"]
[Result "0-1"]
[WhiteElo "2194"]
[BlackElo "2250"]

1.c4 e6 2.g3 d5 3.Bg2 Nf6 4.d4 Be7 5.Nf3 O-O 6.O-O b6 7.Nc3 Bb7 8.cxd5 exd5
9.Ne5 Na6 10.Qa4 Qe8 11.Qb3 Rd8 12.Nd3 Ne4 13.Nf4 Bf6 14.Nfxd5 Bxd4 15.Nxe4 Bxd5
16.Nf6+ Bxf6 17.Bxd5 Nc5 18.Qf3 Qe5 19.e4 Bg5 20.Bxg5 Qxg5 21.Rfd1 Kh8 22.b4 Nd7
23.Qg2 Qe7 24.b5 f5 25.exf5 Rxf5 26.f4 Rff8 27.Qf2 Nf6 28.Bf3 Qb4 29.Qf1 h6
30.Rab1 Qa4 31.Qf2 Rfe8 32.Rxd8 Rxd8 33.Qe2 Qd4+ 34.Kg2 Re8 35.Qc2 Nd5 36.Qf2 Qd3
37.Rb3 Qc4 38.Qd2 Nf6 39.Rb1 Ne4 40.Qb2 Rd8 41.Rc1 Rd2+ 42.Qxd2 Nxd2 43.Rxc4 Nxc4
44.Be4 Nd6 45.Bd3 Kg8 46.Kf3 Kf7 47.Ke3 Ke6 48.Kd4 Nb7 49.g4 Nd8 50.Bc4+ Kd6
51.Bd5 c6 52.bxc6 Nxc6+ 53.Bxc6 Kxc6 54.g5 Kd6 55.gxh6 gxh6 56.f5 h5 57.Ke4 h4
58.h3 Ke7 59.Ke5 Kf7 60.Ke4 Kf6 61.Kf4 b5 62.Ke4 b4 63.Kd4 Kxf5 64.Kc4 Kf4
65.Kxb4 Kg3 66.Ka5 Kxh3 67.Ka6 Kg4 68.Kxa7 h3 69.a4 h2 70.a5 h1=Q  0-1

[Event "WY Girls-U12"]
[Site "Porto Carras GRE"]
[Date "2010.10.29"]
[Round "10.7"]
[White "Rakic,Te"]
[Black "Hua,Margaret"]
[Result "1/2-1/2"]
[WhiteElo "1708"]
[BlackElo "1943"]

1.d4 d5 2.c4 e6 3.Nf3 Nf6 4.g3 Be7 5.Bg2 O-O 6.O-O c6 7.Nc3 Nbd7 8.b3 b6
9.Qc2 Bb7 10.Rd1 Rc8 11.e4 a5 12.Bb2 Qc7 13.Rac1 Qb8 14.Qb1 Rfd8 15.Ne1 dxe4
16.Nxe4 Nxe4 17.Qxe4 Bf6 18.Kh1 g6 19.f4 Bg7 20.Nd3 Rc7 21.c5 bxc5 22.dxc5 Bxb2
23.Nxb2 Nf6 24.Qe2 Nd5 25.Nc4 Ba6 26.Qe1 Bxc4 27.Rxc4 Qb5 28.h3 Ra8 29.Bf1 Qb7
30.g4 Qb8 31.Qg3 Rb7 32.Rdd4 Rb4 33.Qf2 Rxc4 34.Rxc4 Qc8 35.Bg2 Rb8 36.Qd4 Qc7
37.Bf3 Qe7 38.Bd1 Rb4 39.Bf3 Qh4 40.Kh2 Qe1 41.Rxb4 axb4 42.Qg1 Qd2+ 43.Qg2 Qxf4+
44.Qg3 Qxg3+ 45.Kxg3 Kf8 46.h4 h6 47.Bg2 f6 48.Kf3 Ke7 49.Ke4 Kd7 50.Kd4 Kc7
51.Be4 g5 52.hxg5 hxg5 53.Bg6 Kd7 54.Bh7 Ne7  1/2-1/2

[Event "14th OIBM"]
[Site "Bad Wiessee GER"]
[Date "2010.10.30"]
[Round "1.14"]
[White "Buhmann,R"]
[Black "Oud,N"]
[Result "1/2-1/2"]
[WhiteElo "2563"]
[BlackElo "2016"]

1.Nf3 d5 2.d4 e6 3.c4 Nf6 4.g3 Be7 5.Bg2 O-O 6.O-O dxc4 7.Qc2 a6 8.a4 Bd7
9.Qxc4 Bc6 10.Bf4 Nbd7 11.Nc3 Rc8 12.Rfd1 Nb6 13.Qb3 Nbd5 14.Bg5 h6 15.Bxf6 Bxf6
16.Ne4 Qe7 17.e3 Rfd8 18.Nfd2 Qe8 19.Nc4 b6 20.Rdc1 Be7 21.Ne5 Ba8 22.Rc4 c5
23.dxc5 bxc5 24.Rcc1 Nb4 25.Nc4 Bd5 26.Ned2 Bxg2 27.Kxg2 Nd3 28.Rd1 Rb8 29.Qc2 Bf6
30.Ne4 Bxb2 31.Rab1 Qc6 32.f3 f5 33.Ned2 Qd5 34.Nb3 Bf6 35.a5 Rb5 36.Nb6 Qd6
37.Nc4 Qd5 38.Nb6 Qd6 39.Nc4 Qd5 40.Nb6  1/2-1/2

[Event "14th OIBM"]
[Site "Bad Wiessee GER"]
[Date "2010.11.01"]
[Round "4.50"]
[White "Brychcy,F"]
[Black "Oberhofer,A"]
[Result "0-1"]
[WhiteElo "2120"]
[BlackElo "2273"]

1.d4 Nf6 2.c4 e6 3.g3 d5 4.Bg2 Be7 5.Nf3 O-O 6.O-O Nbd7 7.Qc2 c6 8.Nbd2 b5
9.b3 a5 10.a4 bxc4 11.bxc4 Ba6 12.Re1 Bb4 13.c5 Rb8 14.Bf1 Ne4 15.Nxe4 dxe4
16.Nd2 Nf6 17.Rd1 Qd5 18.Nb1 Nh5 19.Nd2 f5 20.e3 Bxf1 21.Rxf1 Bxd2 22.Bxd2 g5
23.Bxa5 Rb7 24.Rfb1 Rxb1+ 25.Rxb1 f4 26.g4 Nf6 27.Qb3 fxe3 28.fxe3 Nxg4 29.Qxd5 exd5
30.Bc7 Rf7 31.Rb8+ Kg7 32.Rb7 Kg6 33.a5 Nxe3 34.h3 Rf1+ 35.Kh2 Rf2+ 36.Kh1 Nf5
37.a6 e3 38.Kg1 Nxd4 39.a7 Nf3+ 40.Kh1 e2 41.Rb1 Rf1+ 42.Kg2 Nh4+ 43.Kh2 Rxb1
44.Ba5 e1=Q  0-1

[Event "VII Open"]
[Site "Figueira da Foz POR"]
[Date "2010.11.01"]
[Round "3.21"]
[White "Pinho,P"]
[Black "Saltao,J"]
[Result "1-0"]
[WhiteElo "2097"]
[BlackElo "1657"]

1.d4 d5 2.c4 e6 3.Nf3 Nf6 4.g3 Be7 5.Bg2 O-O 6.O-O Nbd7 7.Qc2 b6 8.cxd5 Nxd5
9.Nc3 Bb7 10.Rd1 Qc8 11.Nxd5 Bxd5 12.e4 Bb7 13.Bf4 c5 14.d5 exd5 15.exd5 Bf6
16.Nd2 Ne5 17.Ne4 Qf5 18.Qb3 Rfd8 19.Nxc5 bxc5 20.Qxb7 Rab8 21.Qxa7 Rxb2
22.Qa4 Rb4 23.Qa5 Nd3 24.Be3 Re8 25.Rab1 Nxf2 26.Rxb4 Nxd1 27.Re4 Rb8 28.Qa4 g5
29.Qxd1 Bd4 30.Bxd4 cxd4 31.h3 Qf6 32.Qxd4 Qd6 33.Kh2 Ra8 34.a4 h5 35.Re5 f6
36.Re6  1-0

[Event "16th Venetian Chess Autumn"]
[Site "Venice ITA"]
[Date "2010.11.01"]
[Round "5.7"]
[White "Rorato,G"]
[Black "Bianchi,An"]
[Result "1-0"]
[WhiteElo "2062"]
[BlackElo "2148"]

1.d4 d5 2.Nf3 e6 3.c4 Nf6 4.g3 Be7 5.Bg2 O-O 6.Qc2 c5 7.O-O cxd4 8.Nxd4 a6
9.cxd5 Nxd5 10.Rd1 Nb4 11.Qb3 Qc7 12.a3 N4c6 13.Be3 Nxd4 14.Bxd4 Nd7 15.Nc3 Bf6
16.Bxf6 Nxf6 17.Rac1 Qe5 18.Qb6 Nd7 19.Qd6 Rb8 20.Qxe5 Nxe5 21.Ne4 b5 22.Nd6 Nc4
23.Nxc4 bxc4 24.Rd2 Bb7 25.Rxc4 Bxg2 26.Kxg2 Rb6 27.b4 e5 28.Rd5 Re6 29.Re4 Rfe8
30.Rc4 f6 31.Rc7 R8e7 32.Rxe7 Rxe7 33.Rd6 Ra7 34.Kf3 a5 35.b5 a4 36.Ra6 Rb7
37.b6 f5 38.Ra8+  1-0

[Event "VII Open"]
[Site "Figueira da Foz POR"]
[Date "2010.11.02"]
[Round "4.4"]
[White "Petkov,V"]
[Black "Paunovic,D"]
[Result "1/2-1/2"]
[WhiteElo "2513"]
[BlackElo "2559"]

1.Nf3 d5 2.c4 e6 3.d4 Nf6 4.g3 Be7 5.Bg2 O-O 6.O-O dxc4 7.Qc2 a6 8.Qxc4 b5
9.Qc2 Bb7 10.Bd2 Be4 11.Qc1 Bd6 12.Bg5 Nbd7 13.Nbd2 Bb7  1/2-1/2